Czy te państwa graniczą ze sobą? Państwa świata - Statystyki

Ogólne statystyki
  • Ten quiz został rozwiązany 127 razy
  • Średni wynik to 16 z 30
Statystyki odpowiedzi
Hint Explanation Odpowiedź % Poprawnych
Polska z Rosją Polska graniczy z Obwodem królewieckim, będącym eksklawą Rosji Tak
89%
Malezja z Indonezją Granica państw znajduje się na wyspach Sebatik i Borneo Tak
81%
Francja z Wenezuelą Nie
68%
Turcja z Iranem Granica ma długość 331 kilometrów Tak
68%
Chorwacja z Czarnogórą Chorwacja graniczy z Czarnogórą poprzez eksklawę będącej częścią żupanii dubrownicko-neretwiańskiej Tak
66%
Liechtenstein z Niemcami Państwa nie graniczą ze sobą, choć ich granice znajdują się w odległości zaledwie 33 km w linii prostej od siebie Nie
65%
Maroko z Hiszpanią Granica między tymi krajami przebiega w Afryce na długości 19 km za sprawą hiszpańskich posiadłości w Afryce Północnej, Ceuty, Melilli oraz Peñón de Vélez de la Gomera Tak
63%
Rosja z Koreą Północną Granica dzieląca terytoria Korei Północnej i Rosji (wcześniej Związku Radzieckiego), ciągnie się na długości 19 km rzeką Tuman Tak
63%
Serbia z Macedonią Północną Tak
63%
Włochy z Monako Nie
61%
Dania z Kanadą Granica obu państw znajduje się na wyspie Hans Tak
61%
Angola z Kongiem Angola graniczy z Kongiem za sprawą prowincji Kabinda, będącej eksklawą Angoli Tak
59%
Sudan z Kamerunem Nie
56%
Norwegia z Rosją Tak
56%
Haiti z Dominiką Haiti graniczy z Dominikaną na wyspie Haiti zwanej również Hispaniolą, jednak nie graniczy z Dominiką Nie
54%
Kazachstan z Mongolią Państwa nie graniczą ze sobą, choć ich granice znajdują się w odległości zaledwie 38 km w linii prostej od siebie Nie
53%
Trynidad i Tobago z Wenezuelą Nie
53%
Zjednoczone Emiraty Arabskie z Omanem Tak
52%
Argentyna z Peru Nie
47%
Japonia z Rosją Państwa nie posiadają granicy lądowej, dzieli je cieśnina Kunaszyrska Nie
46%
Brunei z Indonezją Państwa nie graniczą ze sobą, choć ich granice znajdują się w odległości zaledwie 40 km w linii prostej od siebie, Brunei graniczy jedynie z Malezją Nie
44%
Szwecja z Rosją Nie
44%
Libia z Nigrem Tak
44%
Chiny z Afganistanem Tak
44%
Mjanma z Laosem Tak
44%
Burkina Faso z Liberią Nie
39%
Wielka Brytania z Cyprem Cypr graniczy z Wielką Brytanią poprzez brytyjskie bazy wojskowe Akrotiri i Dhekelia Tak
39%
Somalia z Erytreą Pomiędzy oboma państwami znajduje się Dżibuti Nie
34%
Armenia z Rosją Nie
28%
Tadżykistan z Pakistanem Państwa nie graniczą ze sobą, choć ich granice znajdują się w bliskiej odległości od siebie, są one jednocześnie przedmiotem sporów terytorialnych Nie
28%
Nie znaleziono quizów pasujących do podanych kryteriów
Rozkład punktacji
Procent ludzi z każdym wynikiem
Percentyl według liczby udzielonych odpowiedzi
Twoja historia wyników
Nie rozwiązałeś tego quizu